000 02128nam a2200265 a 4500
001 BRCA_8949
005 20190320210453.0
008 030717s1710----sp-#######---#000-0#spa-#
041 _aspa
044 _asp
084 _aLE42
_b.G37 1710
100 1 _aGarau, Francisco
_921861
245 1 0 _aTercera parte del sabio instruido de la naturaleza, con esfuerzos de la verdad, en el tribunal de la razón, alejados en quarentena y dos Maximas, Politicas, y Morales
_bilustradas con todo genero en Erudición, Sacra, y Humana: contra las vanas ideas de la Política de Machiavelo: dedicala a la excelentísima ciudad de Barcelona
_cel padre Francisco Garau.
260 _aMadrid
_bpor Antonio Gonzalez de Reyes
_c1710
300 _a367 p. (t.3)
_c19.9 x 16 cm
500 _aCon privilegio
500 _aEstado físico: presenta encuadernación en pergamino con cintas rotas
500 _aAcosta de Francisco Laso, Mercader de libros, enfrente de la Gradas de S. Felipe el Real
500 _aCon marca de fuego: “Procedencia de la marca: Convento de San Francisco Santa María del Pueblito de Querétaro(1). Institución: Orden de Frailes Menores. Provincia de San Pedro y San Pablo de Michoacán. Descripción: Monograma conformado por las iniciales “P”, “u”, “E” seguidas de “b”, “I”, “T” y “o” que se desata como Pueblito(2) dentro de un filete en forma de rombo. Observaciones: Krausse la incluye entre las marcas no identificadas. David Saavedra la identifica como del Convento Franciscano de Santa María del Pueblito, Villa Corregidora de Querétaro. Con el testimonio de pertenencia ubicado en este ejemplar se corrobora la atribución realizada por David Saavedra. Ubicación de la marca en el libro: Canto superior, inferior y lateral”
600 1 4 _aMachiavelli, Niccolò
_d1469-1527
_916915
650 1 4 _aCrítica e interpretación
_yObras anteriores a 1800
_922241
856 _ahttp://www.marcasdefuego.buap.mx:8180/xmLibris/projects/firebrand/item.jsp?repository=marcas_de_fuego&key=marcas_de_fuego_franciscanas_20150618135223_2ccc.xml&num=124
902 _aCFM
942 _2lcc
_cB
999 _c8600
_d8600